| 000 | 00452nam a2200133Ia 4500 | ||
|---|---|---|---|
| 008 | 170221s9999 xx 000 0 und d | ||
| 100 | _aFiliz Göktuna Yaylacý | ||
| 245 | _aPerceiving Migration in Emirda?: A Baudrillardian Perspective | ||
| 245 | _cFiliz Göktuna Yaylacý, Mine Karakuþ. | ||
| 260 | _bOnline Journal of Communication and Media Technologies | ||
| 650 | _xCommunication | ||
| 650 | _xMedia Arts | ||
| 856 | _uhttp://www.ojcmt.net/ | ||
| 999 |
_c312565 _d312565 |
||